[Event "Montreal Mercredi 03"]
[Site "Montreal"]
[Date "2017.04.19"]
[Round "4"]
[White "Lessard, Sylvain"]
[Black "O'Connor, Michael"]
[Result "1/2-1/2"]
[WhiteElo "1722"]
[BlackElo "1713"]
[PlyCount "84"]
[EventDate "2017.03.29"]
[EventType "swiss"]
[EventRounds "5"]
[EventCountry "CAN"]
[SourceTitle "EXT 2022"]
[Source "ChessBase"]
[SourceDate "2021.10.06"]
[SourceVersion "1"]
[SourceVersionDate "2021.10.06"]
[SourceQuality "1"]

1. c4 e5 2. Nc3 Bb4 3. Nd5 Bc5 4. b4 Bf8 5. Rb1 c6 6. Nc3 f5 7. d4 exd4 8. Qxd4 Qf6 9. Nf3 Na6 10. a3 Nc7 11. e4 d6 12. Bd3 Qxd4 13. Nxd4 fxe4 14. Nxe4 d5 15. Ng5 c5 16. bxc5 Bxc5 17. Be3 Bb6 18. 0-0 Nf6 19. Rfe1 0-0 20. Nf5 Bxe3 21. Rxe3 Bxf5 22. Bxf5 g6 23. Ne6 gxf5 24. Nxc7 Rac8 25. Rg3+ Kh8 26. Nxd5 Rxc4 27. Nxf6 Rxf6 28. h3 b6 29. Rd1 Rg6 30. Rd8+ Kg7 31. Rgd3 a5 32. Rb3 Rc1+ 33. Kh2 Rc2 34. Rf3 Rc5 35. Rd7+ Kg8 36. Re3 Rc8 37. Ree7 h6 38. Rf7 Rf8 39. Rxf8+ Kxf8 40. Rb7 f4 41. g3 fxg3+ 42. fxg3 Rd6 1/2-1/2

[Event "Montreal Mercredi 03"]
[Site "Montreal"]
[Date "2017.03.29"]
[Round "1"]
[White "Lessard, Sylvain"]
[Black "Ostaci, Liviu"]
[Result "0-1"]
[WhiteElo "1722"]
[BlackElo "1691"]
[PlyCount "100"]
[EventDate "2017.03.29"]
[EventType "swiss"]
[EventRounds "5"]
[EventCountry "CAN"]
[SourceTitle "EXT 2022"]
[Source "ChessBase"]
[SourceDate "2021.10.06"]
[SourceVersion "1"]
[SourceVersionDate "2021.10.06"]
[SourceQuality "1"]

1. c4 g6 2. Nc3 Bg7 3. g3 Nf6 4. Bg2 0-0 5. Rb1 c6 6. b4 d5 7. cxd5 cxd5 8. e3 e5 9. Nge2 Be6 10. d4 e4 11. 0-0 Bf5 12. Qb3 Qd7 13. Nf4 Rd8 14. Re1 g5 15. Nfe2 Bg4 16. b5 Bf3 17. Ba3 h5 18. Na4 Qg4 19. h3 Qf5 20. Rbc1 Nbd7 21. Nc5 Nxc5 22. dxc5 Bxe2 23. Rxe2 d4 24. exd4 Rxd4 25. c6 bxc6 26. bxc6 Rd3 27. Qb7 Rc8 28. Bb2 e3 29. fxe3 Qe6 30. Bd4 a5 31. Rf2 Ne8 32. Bxg7 Kxg7 33. Rcf1 Nd6 34. Qb2+ Kg8 35. Kh2 Nc4 36. Qa1 h4 37. Rxf7 hxg3+ 38. Kh1 Ne5 39. R7f6 Qe7 40. Qb1 Rcd8 41. Qe1 Rd1 42. Qxg3 Qxf6 43. Kh2 Rxf1 44. Bxf1 Rd2+ 45. Kg1 Rd1 46. Qf2 Qxf2+ 47. Kxf2 Nxc6 48. Bc4+ Kg7 49. Bb3 Rd2+ 50. Kg3 Kf6 0-1

[Event "Montreal Mercredi 02"]
[Site "Montreal"]
[Date "2017.02.22"]
[Round "2"]
[White "Lessard, Sylvain"]
[Black "O'Neill, Brendon"]
[Result "0-1"]
[WhiteElo "1732"]
[BlackElo "1772"]
[PlyCount "74"]
[EventDate "2017.02.15"]
[EventType "swiss"]
[EventRounds "5"]
[EventCountry "CAN"]
[SourceTitle "EXT 2022"]
[Source "ChessBase"]
[SourceDate "2021.10.06"]
[SourceVersion "1"]
[SourceVersionDate "2021.10.06"]
[SourceQuality "1"]

1. c4 Nf6 2. Nc3 g6 3. Nf3 Bg7 4. g3 0-0 5. Bg2 c5 6. Rb1 Nc6 7. a3 d5 8. cxd5 Nxd5 9. 0-0 Bf5 10. Ra1 Nf6 11. d3 Qd7 12. Be3 b6 13. Qd2 Ng4 14. Rfe1 Rad8 15. Rad1 e5 16. Nh4 Be6 17. Bg5 Rde8 18. h3 Nxf2 19. Kxf2 Bxh3 20. Nf3 Bxg2 21. Kxg2 f5 22. e4 f4 23. Nh2 h6 24. Bh4 g5 25. gxf4 exf4 26. Kh1 gxh4 27. Rg1 Kh8 28. Nd5 f3 29. Rg6 Re6 30. Rdg1 Rxg6 31. Rxg6 Kh7 32. Rg1 Nd4 33. Nc3 Ne2 34. Rg4 Ng3+ 35. Kg1 f2+ 36. Kg2 f1Q+ 37. Nxf1 Nxf1 0-1

[Event "Montreal Mercredi 02"]
[Site "Montreal"]
[Date "2017.02.15"]
[Round "1"]
[White "Zheng, Richard"]
[Black "Lessard, Sylvain"]
[Result "1/2-1/2"]
[WhiteElo "1795"]
[BlackElo "1732"]
[PlyCount "103"]
[EventDate "2017.02.15"]
[EventType "swiss"]
[EventRounds "5"]
[EventCountry "CAN"]
[SourceTitle "EXT 2022"]
[Source "ChessBase"]
[SourceDate "2021.10.06"]
[SourceVersion "1"]
[SourceVersionDate "2021.10.06"]
[SourceQuality "1"]

1. e4 Nf6 2. Nc3 d5 3. e5 Nfd7 4. d4 e6 5. Be3 c5 6. f4 Nc6 7. Nf3 Be7 8. Be2 a6 9. a4 b6 10. 0-0 Bb7 11. Qd2 cxd4 12. Nxd4 Nxd4 13. Bxd4 Bc5 14. Rf3 Qc7 15. Rg3 g6 16. Rd1 Bxd4+ 17. Qxd4 Qc5 18. Kf2 Rc8 19. b4 Qxd4+ 20. Rxd4 Ke7 21. Ke1 Rc7 22. Kd2 Rhc8 23. Re3 Nb8 24. b5 a5 25. g4 Nd7 26. g5 Rh8 27. Rh3 Kf8 28. Nd1 Nc5 29. c4 Kg7 30. cxd5 Bxd5 31. Bc4 Bxc4 32. Rxc4 Rd8+ 33. Ke2 Rcd7 34. Nf2 Rd4 35. Rxd4 Rxd4 36. Ng4 Nd7 37. Nf6 Nxf6 38. exf6+ Kg8 39. Rc3 h6 40. Ke3 Rxa4 41. Rc8+ Kh7 42. Rf8 hxg5 43. fxg5 Rg4 44. Rxf7+ Kg8 45. Rg7+ Kf8 46. Rxg6 a4 47. h3 a3 48. Rg7 a2 49. Ra7 Rxg5 50. Rxa2 Kf7 51. Rb2 Kxf6 52. Kf4 1/2-1/2

[Event "Montreal Mercredi 11"]
[Site "Montreal"]
[Date "2016.12.07"]
[Round "4"]
[White "Brassard, Sylvain"]
[Black "Lessard, Sylvain"]
[Result "1-0"]
[WhiteElo "1824"]
[BlackElo "1785"]
[PlyCount "67"]
[EventDate "2016.11.16"]
[EventType "swiss"]
[EventRounds "5"]
[EventCountry "CAN"]
[SourceTitle "EXT 2022"]
[Source "ChessBase"]
[SourceDate "2021.10.06"]
[SourceVersion "1"]
[SourceVersionDate "2021.10.06"]
[SourceQuality "1"]

1. f4 e5 2. fxe5 d6 3. Nf3 dxe5 4. e4 Bc5 5. d3 Nc6 6. Bg5 f6 7. Bh4 Be6 8. Nbd2 Qd7 9. Nb3 Bb6 10. Qd2 0-0-0 11. Bf2 g5 12. Bxb6 axb6 13. 0-0-0 g4 14. Ng1 Nge7 15. g3 h5 16. Bg2 h4 17. Ne2 h3 18. Bf1 Bxb3 19. axb3 Rhf8 20. Nc3 Nd4 21. Be2 b5 22. Rdf1 b4 23. Nd1 Nec6 24. Ne3 Nxe2+ 25. Qxe2 Nd4 26. Qxg4 Qxg4 27. Nxg4 Rd6 28. Nxe5 Re8 29. Nc4 Rc6 30. Kd2 f5 31. Rf4 b5 32. Ne3 fxe4 33. Rxe4 Rf8 34. Rxd4 1-0

[Event "Montreal Mercredi 11"]
[Site "Montreal"]
[Date "2016.11.28"]
[Round "1"]
[White "Lessard, Sylvain"]
[Black "Gauthier, Luc"]
[Result "0-1"]
[WhiteElo "1785"]
[BlackElo "1771"]
[PlyCount "68"]
[EventDate "2016.11.16"]
[EventType "swiss"]
[EventRounds "5"]
[EventCountry "CAN"]
[SourceTitle "EXT 2022"]
[Source "ChessBase"]
[SourceDate "2021.10.06"]
[SourceVersion "1"]
[SourceVersionDate "2021.10.06"]
[SourceQuality "1"]

1. e4 Nf6 2. e5 Nd5 3. d4 d6 4. c4 Nb6 5. f4 dxe5 6. fxe5 c5 7. d5 g6 8. Nf3 Bg4 9. Bd3 Bg7 10. Qe2 e6 11. dxe6 fxe6 12. 0-0 0-0 13. Nc3 Nc6 14. Bg5 Bxf3 15. Bxd8 Bxe2 16. Rxf8+ Bxf8 17. Bxb6 Bxd3 18. Bc7 Bxc4 19. Ne4 Bg7 20. Re1 Bd5 21. Nxc5 Rc8 22. Bd6 Nxe5 23. Nxe6 Bxe6 24. Bxe5 Bxe5 25. Rxe5 Kf7 26. Rb5 b6 27. a4 Rc1+ 28. Kf2 Rc5 29. Rb4 Ke7 30. h4 Rc4 31. Rb5 Rxa4 32. g3 h5 33. Ke3 Kd6 34. Kd2 Rg4 0-1

[Event "Montreal Mercredi 10"]
[Site "Montreal"]
[Date "2016.11.09"]
[Round "5"]
[White "Fortin Lavoie, Patrice"]
[Black "Lessard, Sylvain"]
[Result "0-1"]
[WhiteElo "1796"]
[BlackElo "1821"]
[PlyCount "36"]
[EventDate "2016.10.12"]
[EventType "swiss"]
[EventRounds "5"]
[EventCountry "CAN"]
[SourceTitle "EXT 2022"]
[Source "ChessBase"]
[SourceDate "2021.10.06"]
[SourceVersion "1"]
[SourceVersionDate "2021.10.06"]
[SourceQuality "1"]

1. b3 e5 2. Bb2 Nc6 3. Nf3 d6 4. g3 g6 5. d4 e4 6. d5 Nf6 7. Ng5 Ne5 8. Nc3 Bg7 9. Bg2 e3 10. f3 0-0 11. Nh3 Re8 12. Nf4 Bd7 13. Qc1 Qc8 14. Qxe3 Nc4 15. Qc1 Nxb2 16. Qxb2 g5 17. e4 gxf4 18. gxf4 Nxd5 0-1

[Event "Montreal Mercredi 10"]
[Site "Montreal"]
[Date "2016.10.12"]
[Round "1"]
[White "Lessard, Sylvain"]
[Black "Dumouchel, Alain"]
[Result "1/2-1/2"]
[WhiteElo "1821"]
[BlackElo "1784"]
[PlyCount "56"]
[EventDate "2016.10.12"]
[EventType "swiss"]
[EventRounds "5"]
[EventCountry "CAN"]
[SourceTitle "EXT 2022"]
[Source "ChessBase"]
[SourceDate "2021.10.06"]
[SourceVersion "1"]
[SourceVersionDate "2021.10.06"]
[SourceQuality "1"]

1. c4 Nf6 2. Nc3 g6 3. g3 Bg7 4. Bg2 d6 5. Rb1 0-0 6. Nf3 Nc6 7. b4 Bf5 8. d3 e5 9. 0-0 Qd7 10. Re1 e4 11. b5 Ne7 12. Ng5 d5 13. dxe4 dxe4 14. Qxd7 Nxd7 15. Bb2 e3 16. Rbd1 exf2+ 17. Kxf2 Ne5 18. Bxb7 Nxc4 19. Ba1 Rab8 20. Nd5 Nxd5 21. Bxd5 Nd6 22. Bxg7 Kxg7 23. a4 h6 24. Nf3 Ne4+ 25. Bxe4 Bxe4 26. Rd7 c6 27. bxc6 Bxc6 28. Rxa7 Ra8 1/2-1/2

[Event "Montreal Mercredi 08"]
[Site "Montreal"]
[Date "2016.09.21"]
[Round "4"]
[White "O'Connor, Michael"]
[Black "Lessard, Sylvain"]
[Result "0-1"]
[WhiteElo "1715"]
[BlackElo "1757"]
[PlyCount "126"]
[EventDate "2016.08.31"]
[EventType "swiss"]
[EventRounds "5"]
[EventCountry "CAN"]
[SourceTitle "EXT 2022"]
[Source "ChessBase"]
[SourceDate "2021.10.06"]
[SourceVersion "1"]
[SourceVersionDate "2021.10.06"]
[SourceQuality "1"]

1. e4 Nf6 2. e5 Nd5 3. d4 d6 4. c4 Nb6 5. exd6 exd6 6. Be3 Be7 7. Nc3 Bf5 8. Bd3 Bxd3 9. Qxd3 Nc6 10. b3 d5 11. c5 Nc8 12. Nf3 Bf6 13. 0-0 0-0 14. Rfe1 N8e7 15. Bf4 Ng6 16. Bg3 Qd7 17. Re2 Rfe8 18. Rae1 Rxe2 19. Rxe2 a6 20. h3 Rd8 21. Nd1 Nce7 22. Ne3 c6 23. Bd6 h6 24. Ng4 Bg5 25. g3 Qf5 26. Qxf5 Nxf5 27. Bc7 Rc8 28. Ba5 Be7 29. Nfe5 Bf8 30. Nxg6 fxg6 31. Ne5 Nxd4 32. Re3 Bxc5 33. b4 Ba7 34. Nxg6 Kh7 35. Nf4 Nf5 36. Re5 Nxg3 37. Kg2 Ne4 38. Re7 Rf8 39. f3 Rxf4 40. fxe4 dxe4 41. Bc7 Rf2+ 42. Kg3 Bd4 43. Rxe4 Rd2 44. a4 Bf6 45. Bb6 Ra2 46. a5 Kg6 47. Bc5 Kf7 48. Re3 Rd2 49. Rf3 Ke8 50. Re3+ Kd7 51. Re4 Rd5 52. Rg4 g5 53. Bf8 h5 54. Re4 Rd3+ 55. Kg2 h4 56. Rg4 Ke6 57. Re4+ Kd5 58. Re8 Rg3+ 59. Kh2 Be5 60. Be7 Bf4 61. Rd8+ Kc4 62. Re8 Re3+ 63. Kg2 Bd6 0-1

[Event "Montreal op U2000"]
[Site "Montreal"]
[Date "2016.09.11"]
[Round "5.54"]
[White "Cui, Leonardo"]
[Black "Lessard, Sylvain"]
[Result "1-0"]
[WhiteElo "1642"]
[BlackElo "1757"]
[PlyCount "71"]
[EventDate "2016.09.09"]
[EventType "swiss"]
[EventRounds "5"]
[EventCountry "CAN"]
[SourceTitle "EXT 2022"]
[Source "ChessBase"]
[SourceDate "2021.10.06"]
[SourceVersion "1"]
[SourceVersionDate "2021.10.06"]
[SourceQuality "1"]

1. Nf3 d5 2. d4 Nf6 3. e3 Bg4 4. Nbd2 e6 5. Bd3 Nc6 6. c3 Bd6 7. 0-0 0-0 8. Qc2 Bh5 9. b3 Bg6 10. e4 dxe4 11. Nxe4 Nxe4 12. Bxe4 Bxe4 13. Qxe4 Be7 14. Bf4 Rc8 15. Rfd1 Qd5 16. Qxd5 exd5 17. Ne5 Nxe5 18. dxe5 Rfd8 19. Rd2 Rd7 20. Rad1 Rcd8 21. Be3 c5 22. f4 g6 23. g4 b6 24. f5 d4 25. cxd4 cxd4 26. Rxd4 Rxd4 27. Rxd4 Rc8 28. Rc4 Rd8 29. Kg2 h5 30. f6 Bc5 31. Bxc5 bxc5 32. Rxc5 Rd2+ 33. Kg3 Rxa2 34. Rc8+ Kh7 35. e6 h4+ 36. Kf3 1-0

[Event "Montreal Mercredi 03"]
[Site "Montreal"]
[Date "2016.04.27"]
[Round "5"]
[White "Lessard, Sylvain"]
[Black "Millette, Sylvain"]
[Result "1/2-1/2"]
[WhiteElo "1750"]
[BlackElo "1711"]
[PlyCount "114"]
[EventDate "2016.03.30"]
[EventType "swiss"]
[EventRounds "5"]
[EventCountry "CAN"]
[SourceTitle "EXT 2022"]
[Source "ChessBase"]
[SourceDate "2021.10.06"]
[SourceVersion "1"]
[SourceVersionDate "2021.10.06"]
[SourceQuality "1"]

1. c4 Nf6 2. Nc3 d5 3. cxd5 Nxd5 4. g3 b6 5. Bg2 Bb7 6. Qa4+ Bc6 7. Qc4 e6 8. Nf3 Nxc3 9. Qxc3 Qf6 10. d4 a5 11. a3 h6 12. 0-0 Be7 13. Bf4 Bd6 14. Be5 Bxe5 15. Nxe5 Bxg2 16. Kxg2 Qe7 17. Rac1 Ra7 18. Rc2 0-0 19. Rfc1 Rc8 20. Qf3 f6 21. Ng6 Qf7 22. Qd3 Nd7 23. h4 c5 24. h5 Rac7 25. e3 Nf8 26. b4 cxb4 27. axb4 Rxc2 28. Rxc2 Rxc2 29. Qxc2 Qb7+ 30. Kg1 Nxg6 31. hxg6 axb4 32. Qc4 Qd7 33. Qxb4 Qe8 34. Qxb6 Qxg6 35. Qxe6+ Kf8 36. d5 h5 37. Kg2 h4 38. Qc8+ Ke7 39. Qe6+ Kf8 40. d6 Qe8 41. Qd5 hxg3 42. d7 Qd8 43. Qd6+ Kf7 44. Kxg3 g6 45. f4 f5 46. Kf3 Qa8+ 47. Kg3 Qd8 48. Qd5+ Ke7 49. Qe5+ Kxd7 50. Qd5+ Ke7 51. Qxd8+ Kxd8 52. Kh4 Ke8 53. Kg5 Kf7 54. Kh6 Kf6 55. Kh7 g5 56. fxg5+ Kxg5 57. Kg7 f4 1/2-1/2

[Event "Montreal Mercredi 02"]
[Site "Montreal"]
[Date "2016.03.09"]
[Round "4"]
[White "Millette, Sylvain"]
[Black "Lessard, Sylvain"]
[Result "0-1"]
[WhiteElo "1776"]
[BlackElo "1785"]
[PlyCount "84"]
[EventDate "2016.02.17"]
[EventType "swiss"]
[EventRounds "5"]
[EventCountry "CAN"]
[SourceTitle "EXT 2022"]
[Source "ChessBase"]
[SourceDate "2021.10.06"]
[SourceVersion "1"]
[SourceVersionDate "2021.10.06"]
[SourceQuality "1"]

1. e4 Nf6 2. e5 Nd5 3. c4 Nb6 4. c5 Nd5 5. Nc3 Nxc3 6. bxc3 d6 7. cxd6 exd6 8. exd6 Bxd6 9. Nf3 0-0 10. Be2 c5 11. 0-0 Nc6 12. d4 b6 13. Ng5 Qc7 14. Bc4 Bxh2+ 15. Kh1 Bf5 16. Nxf7 Rxf7 17. Bxf7+ Kh8 18. Bd5 Bd6 19. Qf3 Bd7 20. Re1 Rf8 21. Qe2 Qd8 22. Be6 Qh4+ 23. Bh3 Bxh3 24. g3 Qg4 25. Qxg4 Bxg4 26. dxc5 Bxc5 27. f4 h6 28. Be3 Be7 29. Kg2 Bf6 30. Rac1 Na5 31. Bd4 Nc4 32. Bxf6 Rxf6 33. Re7 Rd6 34. Rce1 a5 35. Rc7 Rd2+ 36. Kg1 Nd6 37. Ree7 Nf5 38. Re8+ Kh7 39. Rcc8 Bf3 40. Rh8+ Kg6 41. Rb8 Rg2+ 42. Kf1 Ne3+ 0-1

[Event "Montreal Mercredi 02"]
[Site "Montreal"]
[Date "2016.02.24"]
[Round "2"]
[White "Lessard, Sylvain"]
[Black "Blanchet, Robert"]
[Result "0-1"]
[WhiteElo "1785"]
[BlackElo "1805"]
[PlyCount "92"]
[EventDate "2016.02.17"]
[EventType "swiss"]
[EventRounds "5"]
[EventCountry "CAN"]
[SourceTitle "EXT 2022"]
[Source "ChessBase"]
[SourceDate "2021.10.06"]
[SourceVersion "1"]
[SourceVersionDate "2021.10.06"]
[SourceQuality "1"]

1. c4 Nf6 2. Nc3 g6 3. g3 Bg7 4. Bg2 0-0 5. Nf3 c6 6. 0-0 d5 7. cxd5 Nxd5 8. e4 Nb4 9. d4 Bg4 10. Be3 e5 11. dxe5 Nd3 12. Qb3 Bxf3 13. Bxf3 Nxe5 14. Bg2 b6 15. Rfd1 Qe7 16. Rd2 Nbd7 17. Rad1 Rad8 18. h3 Nc5 19. Qb4 Rxd2 20. Rxd2 a5 21. Qxb6 Ncd3 22. Qb3 Ne1 23. Qd1 Nxg2 24. Kxg2 Nc4 25. Rd7 Nxe3+ 26. fxe3 Qg5 27. Qf3 Bh6 28. Qf4 Qh5 29. Qf3 Qc5 30. Kf2 Bg7 31. e5 Qxe5 32. Qf4 Qe6 33. Rb7 Qxh3 34. Qf3 Bxc3 35. bxc3 Qe6 36. Rb2 Rd8 37. Ke2 Qc4+ 38. Kf2 Qxc3 39. Qe2 Qf6+ 40. Kg2 h5 41. Rd2 Rb8 42. Qc4 Rb1 43. Rf2 Rb2 44. Rxb2 Qxb2+ 45. Kf3 Qb5 46. Qe4 Qf1# 0-1

[Event "Montreal Mercredi 10"]
[Site "Montreal"]
[Date "2015.11.04"]
[Round "4"]
[White "Lessard, Sylvain"]
[Black "Nesterov, Timour"]
[Result "1-0"]
[WhiteElo "1675"]
[BlackElo "1747"]
[PlyCount "95"]
[EventDate "2015.10.14"]
[EventType "swiss"]
[EventRounds "5"]
[EventCountry "CAN"]
[SourceTitle "EXT 2022"]
[Source "ChessBase"]
[SourceDate "2021.10.06"]
[SourceVersion "1"]
[SourceVersionDate "2021.10.06"]
[SourceQuality "1"]

1. c4 c5 2. Nc3 Nf6 3. g3 Nc6 4. Bg2 g6 5. Rb1 Bg7 6. a3 a5 7. e3 d6 8. Nge2 Bf5 9. d3 Ne5 10. e4 Bg4 11. Qc2 Nf3+ 12. Kf1 Ne5 13. Ng1 Nc6 14. Be3 0-0 15. Nge2 Ne8 16. h3 Bd7 17. Kg1 f5 18. Kh2 Nd4 19. Qd2 fxe4 20. Bxd4 cxd4 21. Nxe4 Rb8 22. b4 axb4 23. Rxb4 Bc6 24. f4 e5 25. Rhb1 Nc7 26. Rf1 Bh6 27. Qe1 Qe7 28. Rb1 Rbe8 29. Qf2 d5 30. Nd2 Qxa3 31. Rb3 Qa2 32. Nc1 Qa5 33. Rb2 exf4 34. Ndb3 fxg3+ 35. Qxg3 Qa3 36. Rbf2 Rxf2 37. Rxf2 Be3 38. Rf1 Qe7 39. Na5 g5 40. Nxc6 bxc6 41. Ne2 dxc4 42. dxc4 c5 43. Kh1 Ne6 44. Bd5 Kg7 45. Qe5+ Kg6 46. Qf5+ Kh6 47. Qf6+ Kh5 48. Ng3+ 1-0

[Event "Quebec-ch 50+"]
[Site "Montreal"]
[Date "2015.04.18"]
[Round "3"]
[White "Lessard, Sylvain"]
[Black "Hebert, Pierre"]
[Result "1/2-1/2"]
[WhiteElo "1723"]
[BlackElo "1638"]
[PlyCount "79"]
[EventDate "2015.04.17"]
[EventType "swiss"]
[EventRounds "5"]
[EventCountry "CAN"]
[SourceTitle "EXT 2019"]
[Source "ChessBase"]
[SourceDate "2018.10.10"]
[SourceVersion "1"]
[SourceVersionDate "2018.10.10"]
[SourceQuality "1"]

1. c4 Nf6 2. Nc3 d5 3. cxd5 Nxd5 4. Nf3 e6 5. e4 Nxc3 6. bxc3 c5 7. d4 cxd4 8. cxd4 Bb4+ 9. Bd2 Qa5 10. Bxb4 Qxb4+ 11. Qd2 Qxd2+ 12. Kxd2 Nd7 13. Bd3 0-0 14. Rac1 Nf6 15. Rc7 Rd8 16. Rhc1 Ne8 17. R7c3 Bd7 18. Ne5 Kf8 19. Ke3 f6 20. Nxd7+ Rxd7 21. Bb5 Rdd8 22. e5 a6 23. Bd3 f5 24. a4 Ke7 25. h3 Rd7 26. g4 g6 27. f4 Rad8 28. Rb3 Nc7 29. Bc4 b5 30. axb5 axb5 31. Bxb5 Nxb5 32. Rxb5 Rxd4 33. Rc7+ R4d7 34. Rbb7 h6 35. Kf3 Rxc7 36. Rxc7+ Kf8 37. Kg3 Rd3+ 38. Kh4 Rd4 39. Kg3 Rd3+ 40. Kh4 1/2-1/2

[Event "Montreal Mercredi 09"]
[Site "Montreal"]
[Date "2014.09.03"]
[Round "1"]
[White "Gauthier, Luc"]
[Black "Lessard, Sylvain"]
[Result "1-0"]
[WhiteElo "1762"]
[BlackElo "1631"]
[PlyCount "61"]
[EventDate "2014.09.03"]
[EventType "swiss"]
[EventRounds "5"]
[EventCountry "CAN"]
[SourceTitle "EXT 2022"]
[Source "ChessBase"]
[SourceDate "2021.10.06"]
[SourceVersion "1"]
[SourceVersionDate "2021.10.06"]
[SourceQuality "1"]

1. e4 Nf6 2. e5 Nd5 3. c4 Nb6 4. c5 Nd5 5. Nc3 e6 6. Nxd5 exd5 7. d4 d6 8. cxd6 cxd6 9. Nf3 Nc6 10. exd6 Bxd6 11. Bg5 Qa5+ 12. Bd2 Qb6 13. Bd3 0-0 14. 0-0 h6 15. Qc2 Bg4 16. Nh4 Nxd4 17. Qa4 Bd7 18. Qxd7 Rad8 19. Qg4 f5 20. Nxf5 Nxf5 21. Bxf5 d4 22. Be6+ Kh8 23. Bb3 Rf6 24. Rac1 Rdf8 25. Rc8 Rxc8 26. Qxc8+ Rf8 27. Qe6 Qc7 28. g3 Qd8 29. Bc2 Rf6 30. Qe4 g5 31. Qh7# 1-0

[Event "Montreal Varennes U1800 op"]
[Site "Montreal"]
[Date "2011.11.05"]
[Round "3"]
[White "Lessard, Sylvain"]
[Black "Laferriere, Samuel"]
[Result "0-1"]
[WhiteElo "1567"]
[BlackElo "1492"]
[PlyCount "86"]
[EventDate "2011.11.04"]
[EventType "swiss"]
[EventRounds "5"]
[EventCountry "CAN"]
[SourceTitle "EXT 2022"]
[Source "ChessBase"]
[SourceDate "2021.10.06"]
[SourceVersion "1"]
[SourceVersionDate "2021.10.06"]
[SourceQuality "1"]

1. e4 e5 2. Nf3 Nc6 3. d4 exd4 4. Nxd4 Nf6 5. Nxc6 bxc6 6. e5 Nd5 7. c4 Nb6 8. Bd3 Ba6 9. b3 Bb4+ 10. Bd2 Qe7 11. Bxb4 Qxb4+ 12. Nd2 Nd5 13. 0-0 Nf4 14. Be4 0-0 15. Nf3 Rad8 16. g3 d5 17. exd6 Rxd6 18. Qc2 Ng6 19. h4 Re8 20. h5 Ne5 21. Rad1 Bc8 22. Rxd6 Qxd6 23. Rd1 Qf6 24. Kg2 Bg4 25. Qc3 Bxh5 26. Rd2 Nxf3 27. Qxf6 Ne1+ 28. Kf1 gxf6 29. Bxc6 Nf3 30. Bxe8 Nxd2+ 31. Ke1 Nf3+ 32. Kd1 Ne5+ 33. Kc2 Bf3 34. Kd2 Bc6 35. Bxc6 Nxc6 36. Kc3 Kf8 37. b4 Ke7 38. f4 Kd6 39. a4 a5 40. c5+ Kd5 41. b5 Ne7 42. c6 h5 43. Kb3 Nf5 0-1